[Event "FRA-chT Top 12 (Women) GpA"]
[Site "Mulhouse"]
[Date "2023.05.19"]
[Round "2.1"]
[White "Mehiaoui, Dounia"]
[Black "Moingt, Anne"]
[Result "0-1"]
[WhiteElo "1771"]
[BlackElo "2035"]
[PlyCount "53"]
[EventDate "2023.05.18"]
[EventType "team-tourn"]
[EventRounds "5"]
[EventCountry "FRA"]
[SourceTitle "CBM 214 Extra"]
[Source "ChessBase"]
[SourceDate "2023.07.31"]
[SourceVersion "1"]
[SourceVersionDate "2023.07.31"]
[SourceQuality "1"]
[WhiteTeam "Lyon Olympique (W)"]
[BlackTeam "Asnieres (W)"]
[WhiteTeamCountry "FRA"]
[BlackTeamCountry "FRA"]

1. e4 c5 2. Nf3 d6 3. d4 cxd4 4. Qxd4 Nf6 5. Nc3 Nc6 6. Bb5 Bd7 7. Bxc6 Bxc6 8. Bg5 e6 9. 0-0-0 Be7 10. Qd3 Qa5 11. h4 h6 12. Bd2 Qa6 13. Qxa6 bxa6 14. Rde1 e5 15. Nh2 Nd7 16. Nf1 f5 17. f3 fxe4 18. fxe4 Nf6 19. Ng3 Rf8 20. Nf5 Rf7 21. h5 Bf8 22. Ng3 Rc8 23. Nd1 Rfc7 24. Ba5 Rd7 25. Rh4 d5 26. exd5 Bxd5 27. Rxe5+ 0-1

[Event "OP-2010-0-01262"]
[Site "LSS email"]
[Date "2010.09.14"]
[Round "?"]
[White "Mehiaoui, Dounia"]
[Black "Schubert, Steffen"]
[Result "0-1"]
[WhiteElo "1913"]
[BlackElo "1977"]
[PlyCount "28"]
[EventDate "2010.09.09"]
[EventType "tourn (corr)"]
[EventRounds "4"]
[EventCountry "GER"]
[SourceTitle "Corr 2013"]
[Source "ChessBase"]
[SourceDate "2012.11.12"]
[SourceVersion "1"]
[SourceVersionDate "2012.11.12"]
[SourceQuality "1"]

1. e4 e5 2. Nf3 Nf6 3. Nxe5 d6 4. Nf3 Nxe4 5. Nc3 Nxc3 6. dxc3 Be7 7. Bd3 0-0 8. 0-0 Nc6 9. Re1 Be6 10. Nd4 Nxd4 11. cxd4 c6 12. Bf4 Re8 13. Qd2 a5 14. c4 d5 0-1

[Event "FRA-ch U20 Girls"]
[Site "La Roche sur Yon"]
[Date "2008.04.27"]
[Round "9"]
[White "Mehiaoui, Dounia"]
[Black "Magnin, Segolene"]
[Result "1-0"]
[WhiteElo "1855"]
[BlackElo "1799"]
[PlyCount "71"]
[EventDate "2008.04.21"]
[EventType "tourn"]
[EventRounds "9"]
[EventCountry "FRA"]
[SourceTitle "EXT 2010"]
[Source "ChessBase"]
[SourceDate "2010.11.25"]
[SourceVersion "1"]
[SourceVersionDate "2010.11.25"]
[SourceQuality "1"]

1. e4 e6 2. d4 d5 3. Nd2 Be7 4. Ngf3 Nf6 5. e5 Nfd7 6. Bd3 c5 7. c3 Nc6 8. Bc2 a5 9. a3 b5 10. Nf1 cxd4 11. cxd4 Qb6 12. Ng3 Ba6 13. 0-0 Rb8 14. Re1 b4 15. Re3 Bc4 16. b3 Ba6 17. a4 Rc8 18. Bb2 h6 19. Rc1 g5 20. h3 Nf8 21. Nh5 Qd8 22. Nh2 Ng6 23. Ng4 Nf4 24. Ngf6+ Bxf6 25. Nxf6+ Kf8 26. Kh2 Ne7 27. g3 Nfg6 28. Qf3 Ng8 29. Bxg6 Rxc1 30. Nxd5 Rc7 31. Nxc7 Qxc7 32. d5 Bb7 33. d6 Bxf3 34. dxc7 Bb7 35. Be4 Bc8 36. Bd4 1-0

[Event "FRA-ch U20 Girls"]
[Site "La Roche sur Yon"]
[Date "2008.04.24"]
[Round "5"]
[White "Choisy, Mathilde"]
[Black "Mehiaoui, Dounia"]
[Result "1-0"]
[WhiteElo "2094"]
[BlackElo "1855"]
[PlyCount "115"]
[EventDate "2008.04.21"]
[EventType "tourn"]
[EventRounds "9"]
[EventCountry "FRA"]
[SourceTitle "EXT 2010"]
[Source "ChessBase"]
[SourceDate "2010.11.25"]
[SourceVersion "1"]
[SourceVersionDate "2010.11.25"]
[SourceQuality "1"]

1. a3 d5 2. Nf3 Nf6 3. c4 c6 4. e3 Bg4 5. Nc3 Nbd7 6. Be2 dxc4 7. Bxc4 Bxf3 8. Qxf3 Ne5 9. Qe2 Nxc4 10. Qxc4 e5 11. 0-0 Bd6 12. b4 0-0 13. Bb2 Re8 14. Ne4 Nxe4 15. Qxe4 Qe7 16. d4 a5 17. b5 cxb5 18. dxe5 Bxe5 19. Bxe5 Qxe5 20. Qxe5 Rxe5 21. Rfc1 Kf8 22. Rc7 b6 23. Rb7 Rc8 24. Rxb6 Rec5 25. Kf1 Rc1+ 26. Rxc1 Rxc1+ 27. Ke2 Rb1 28. a4 b4 29. Rb5 b3 30. Rxa5 b2 31. Rb5 Ra1 32. Rxb2 Rxa4 33. Rb7 h5 34. f4 Ra5 35. Kf3 g6 36. h3 Kg7 37. g4 hxg4+ 38. hxg4 Kf6 39. Rb4 Rc5 40. Rb3 Ra5 41. e4 Ke7 42. e5 Ra4 43. f5 gxf5 44. gxf5 Rc4 45. Rb7+ Ke8 46. f6 Ra4 47. Ke3 Rc4 48. Re7+ Kf8 49. Rd7 Ke8 50. Rd4 Rc6 51. Ke4 Rc5 52. Rb4 Ra5 53. Kf5 Rc5 54. Rb8+ Kd7 55. Rf8 Rc1 56. Rxf7+ Ke8 57. Ra7 Rf1+ 58. Ke4 1-0

[Event "FRA-chT1B 0708"]
[Site "France"]
[Date "2008.03.16"]
[Round "9.8"]
[White "Mehiaoui, Dounia"]
[Black "Criqui, Laurence"]
[Result "1-0"]
[WhiteElo "1874"]
[BlackElo "1640"]
[PlyCount "41"]
[EventDate "2007.10.21"]
[EventType "team"]
[EventRounds "11"]
[EventCountry "FRA"]
[SourceTitle "EXT 2009"]
[Source "ChessBase"]
[SourceDate "2008.11.26"]
[SourceVersion "1"]
[SourceVersionDate "2008.11.26"]
[SourceQuality "1"]
[WhiteTeam "Lyon Olympique"]
[BlackTeam "Gambsheim"]
[WhiteTeamCountry "FRA"]
[BlackTeamCountry "FRA"]

1. e4 e5 2. d4 exd4 3. Qxd4 Nc6 4. Qe3 Qf6 5. Nc3 Bb4 6. Bd2 Nge7 7. 0-0-0 0-0 8. Kb1 d6 9. Qg3 Bc5 10. f4 a6 11. Bd3 b5 12. e5 Qe6 13. b3 Nf5 14. Qf3 Nfd4 15. Qh5 g6 16. Qh6 d5 17. g4 Nb4 18. Be2 Nbxc2 19. Nf3 Nxe2 20. Ng5 Nxc3+ 21. Bxc3 1-0

[Event "Leipzig VfB op 15th"]
[Site "Leipzig"]
[Date "2008.03.01"]
[Round "8"]
[White "Lehmann, Lothar"]
[Black "Mehiaoui, Dounia"]
[Result "0-1"]
[WhiteElo "1977"]
[BlackElo "1861"]
[PlyCount "40"]
[EventDate "2008.02.26"]
[EventType "swiss"]
[EventRounds "9"]
[EventCountry "GER"]
[SourceTitle "CBM 123 Extra"]
[Source "ChessBase"]
[SourceDate "2008.05.06"]
[SourceVersion "1"]
[SourceVersionDate "2008.05.06"]
[SourceQuality "1"]

1. d4 Nf6 2. c4 c5 3. d5 b5 4. cxb5 a6 5. bxa6 Bxa6 6. g3 d6 7. b3 g6 8. Bb2 Bg7 9. Bg2 Nbd7 10. Nh3 0-0 11. 0-0 Rb8 12. Qd2 Qb6 13. Nc3 Rfc8 14. Rab1 Qa5 15. Rfd1 c4 16. Nf4 cxb3 17. axb3 Rxb3 18. Ne4 Qb5 19. Nc3 Rcxc3 20. Bxc3 Rxb1 0-1

[Event "FRA-chT1B 0708"]
[Site "France"]
[Date "2008.02.10"]
[Round "7.8"]
[White "Descroix, Claire"]
[Black "Mehiaoui, Dounia"]
[Result "1/2-1/2"]
[WhiteElo "1649"]
[BlackElo "1874"]
[PlyCount "104"]
[EventDate "2007.10.21"]
[EventType "team"]
[EventRounds "11"]
[EventCountry "FRA"]
[SourceTitle "EXT 2009"]
[Source "ChessBase"]
[SourceDate "2008.11.26"]
[SourceVersion "1"]
[SourceVersionDate "2008.11.26"]
[SourceQuality "1"]
[WhiteTeam "Vincennes"]
[BlackTeam "Lyon Olympique"]
[WhiteTeamCountry "FRA"]
[BlackTeamCountry "FRA"]

1. f4 d5 2. Nf3 c5 3. e3 Nc6 4. b3 Nf6 5. Bb2 Bg4 6. Be2 e6 7. 0-0 Be7 8. Ne5 Bxe2 9. Qxe2 0-0 10. d3 Rc8 11. Nd2 Qc7 12. Ndf3 Ne8 13. Nxc6 Qxc6 14. Ne5 Qc7 15. Qh5 Nf6 16. Qh3 Rfd8 17. Rf3 d4 18. e4 b5 19. Raf1 Bd6 20. Ng4 Nxg4 21. Qxg4 Bf8 22. f5 e5 23. f6 g6 24. Rh3 Qd7 25. Qh4 h5 26. Rff3 Qg4 27. Qf2 Bh6 28. Kh1 Bf4 29. Qe1 Rd6 30. Bc1 Rxf6 31. Bxf4 Rxf4 32. Rfg3 Qe6 33. Rxh5 Qf6 34. Kg1 Kf8 35. Rh6 Ke7 36. Rhh3 Rh8 37. Rxh8 Qxh8 38. Rh3 Qf6 39. Rg3 a6 40. Qe2 Kd6 41. Rf3 Rxf3 42. gxf3 Qf4 43. Qd1 Qe3+ 44. Kg2 Ke6 45. a4 b4 46. Kf1 f5 47. Qe2 f4 48. Qf2 a5 49. Kg2 Qc1 50. Kh3 g5 51. Qg2 Kf6 52. Qf2 Kg6 1/2-1/2

[Event "FRA-chT1B 0708"]
[Site "France"]
[Date "2007.12.15"]
[Round "4.8"]
[White "Cwiek, Francoise"]
[Black "Mehiaoui, Dounia"]
[Result "0-1"]
[WhiteElo "1150"]
[BlackElo "1874"]
[PlyCount "68"]
[EventDate "2007.10.21"]
[EventType "team"]
[EventRounds "11"]
[EventCountry "FRA"]
[SourceTitle "EXT 2009"]
[Source "ChessBase"]
[SourceDate "2008.11.26"]
[SourceVersion "1"]
[SourceVersionDate "2008.11.26"]
[SourceQuality "1"]
[WhiteTeam "Toulouse"]
[BlackTeam "Lyon Olympique"]
[WhiteTeamCountry "FRA"]
[BlackTeamCountry "FRA"]

1. d4 f5 2. Bg5 g6 3. e3 Bg7 4. Bd3 Nf6 5. Nf3 d6 6. c3 0-0 7. 0-0 Qe8 8. Nbd2 e5 9. Re1 e4 10. Bc4+ Kh8 11. Nh4 Be6 12. Qb3 Bxc4 13. Nxc4 Qc6 14. Na5 Qb6 15. Qxb6 axb6 16. Nxb7 Ra7 17. Nc5 bxc5 18. c4 Nbd7 19. a3 Rb8 20. Reb1 Rb3 21. f3 Rab7 22. Kf2 Rxb2+ 23. Rxb2 Rxb2+ 24. Kg3 cxd4 25. exd4 Nh5+ 26. Kh3 Bxd4 27. Rd1 Bf6 28. Be3 Rb3 29. Bc1 Nc5 30. g4 fxg4+ 31. Kxg4 Nd3 32. Rf1 Rb1 33. Bg5 Rxf1 34. Bxf6+ Nxf6+ 0-1

[Event "FRA-chT1B 0708"]
[Site "France"]
[Date "2007.11.25"]
[Round "3.8"]
[White "Mehiaoui, Dounia"]
[Black "Bomba, Melody"]
[Result "1/2-1/2"]
[WhiteElo "1874"]
[BlackElo "1836"]
[PlyCount "60"]
[EventDate "2007.10.21"]
[EventType "team"]
[EventRounds "11"]
[EventCountry "FRA"]
[SourceTitle "EXT 2009"]
[Source "ChessBase"]
[SourceDate "2008.11.26"]
[SourceVersion "1"]
[SourceVersionDate "2008.11.26"]
[SourceQuality "1"]
[WhiteTeam "Lyon Olympique"]
[BlackTeam "Avignon"]
[WhiteTeamCountry "FRA"]
[BlackTeamCountry "FRA"]

1. e4 e5 2. d4 exd4 3. Qxd4 Nc6 4. Qe3 Nf6 5. Nc3 Bb4 6. Bd2 d6 7. 0-0-0 Qe7 8. Bd3 Bd7 9. f4 0-0-0 10. Nge2 Bc5 11. Qg3 Nb4 12. h3 Rde8 13. Rhe1 g6 14. Kb1 Nh5 15. Qf3 Nxd3 16. Qxd3 f5 17. Nd4 fxe4 18. Nxe4 Qf7 19. Nxc5 dxc5 20. Ne2 Bc6 21. g4 Nf6 22. Qa3 Kb8 23. Qxc5 Bg2 24. Qa3 a6 25. Qg3 Bc6 26. Nc3 Rd8 27. Bc1 Rhe8 28. Rxe8 Rxe8 29. Re1 Rd8 30. Rd1 Re8 1/2-1/2

[Event "FRA-chT1B 0708"]
[Site "France"]
[Date "2007.10.21"]
[Round "1.8"]
[White "Mehiaoui, Dounia"]
[Black "Lamotte, Gaelle"]
[Result "1/2-1/2"]
[WhiteElo "1874"]
[BlackElo "1915"]
[PlyCount "73"]
[EventDate "2007.10.21"]
[EventType "team"]
[EventRounds "11"]
[EventCountry "FRA"]
[SourceTitle "EXT 2009"]
[Source "ChessBase"]
[SourceDate "2008.11.26"]
[SourceVersion "1"]
[SourceVersionDate "2008.11.26"]
[SourceQuality "1"]
[WhiteTeam "Lyon Olympique"]
[BlackTeam "Besancon TPG"]
[WhiteTeamCountry "FRA"]
[BlackTeamCountry "FRA"]

1. e4 e6 2. d4 d5 3. Nd2 c5 4. exd5 Qxd5 5. Ngf3 cxd4 6. Bc4 Qd6 7. 0-0 Nf6 8. Nb3 Nc6 9. Nbxd4 Nxd4 10. Qxd4 Qxd4 11. Nxd4 a6 12. Bf4 Be7 13. Rfe1 0-0 14. Rad1 b5 15. Bb3 Bc5 16. a4 bxa4 17. Bxa4 Bb7 18. c4 Rac8 19. Bc2 Bb4 20. Re3 Rxc4 21. Bb3 Rxd4 22. Rxd4 Bc5 23. Red3 Bxd4 24. Rxd4 Nd5 25. Bxd5 Bxd5 26. Ra4 Ra8 27. Be5 f6 28. Bc3 Kf7 29. g3 Ke7 30. f4 Kd6 31. Kf2 Kc6 32. Ke3 Kb5 33. Rb4+ Kc5 34. Ra4 Bc4 35. Ra1 Rd8 36. Re1 Rd3+ 37. Kf2 1/2-1/2

[Event "St Chely d'Aubrac op 7th"]
[Site "St Chely d'Aubrac"]
[Date "2007.07.16"]
[Round "4"]
[White "Chamba, Antoine"]
[Black "Mehiaoui, Dounia"]
[Result "1-0"]
[WhiteElo "2091"]
[BlackElo "1909"]
[PlyCount "83"]
[EventDate "2007.07.07"]
[EventType "swiss"]
[EventRounds "9"]
[EventCountry "FIN"]
[SourceTitle "EXT 2008"]
[Source "ChessBase"]
[SourceDate "2007.11.25"]
[SourceVersion "1"]
[SourceVersionDate "2007.11.25"]
[SourceQuality "1"]

1. e4 e5 2. Bc4 Nf6 3. d4 Nc6 4. Nf3 exd4 5. 0-0 Be7 6. Re1 d5 7. exd5 Nxd5 8. Nxd4 Nf6 9. Nxc6 Qxd1 10. Rxd1 bxc6 11. Re1 Nd5 12. Bb3 a5 13. c4 Nb6 14. Nc3 Be6 15. c5 Nd5 16. Ba4 0-0-0 17. Ne4 Nb4 18. Bg5 Bxg5 19. Nxg5 Bd5 20. Bb3 Bxb3 21. axb3 Nc2 22. Nxf7 Nxe1 23. Nxh8 Nf3+ 24. gxf3 Rxh8 25. Rxa5 Kb7 26. Ra4 Rd8 27. Re4 Rd7 28. Kg2 Ka6 29. f4 Kb5 30. b4 Ka4 31. h4 Kb3 32. Kg3 Kxb2 33. Kg4 Kc3 34. h5 Kd3 35. f3 Rf7 36. f5 h6 37. Re6 Kc4 38. f6 Kxb4 39. Kf5 Kxc5 40. Kg6 Rxf6+ 41. Rxf6 gxf6 42. Kxh6 1-0

[Event "St Chely d'Aubrac op 7th"]
[Site "St Chely d'Aubrac"]
[Date "2007.07.15"]
[Round "2"]
[White "Tassetti, Florent"]
[Black "Mehiaoui, Dounia"]
[Result "1/2-1/2"]
[WhiteElo "1560"]
[BlackElo "1909"]
[PlyCount "50"]
[EventDate "2007.07.07"]
[EventType "swiss"]
[EventRounds "9"]
[EventCountry "FIN"]
[SourceTitle "EXT 2008"]
[Source "ChessBase"]
[SourceDate "2007.11.25"]
[SourceVersion "1"]
[SourceVersionDate "2007.11.25"]
[SourceQuality "1"]

1. Nf3 f5 2. g3 Nf6 3. Bg2 d6 4. d3 g6 5. Nbd2 Bg7 6. 0-0 0-0 7. c3 Nc6 8. Nb3 e5 9. e3 a5 10. a4 Qe8 11. Re1 h6 12. d4 e4 13. Nfd2 b6 14. Nb1 Ba6 15. Na3 Ne7 16. Nd2 Ned5 17. c4 Nb4 18. Qb3 c5 19. Ndb1 Nd7 20. Rd1 Qf7 21. Nc3 Nd3 22. Rxd3 exd3 23. Bxa8 Rxa8 24. Ncb5 Qe7 25. Qxd3 Bb7 1/2-1/2

[Event "Barbera del Valles op-B 30th"]
[Site "Barbera del Valles"]
[Date "2007.07.12"]
[Round "7"]
[White "Mehiaoui, Dounia"]
[Black "Vuiton, Stephane"]
[Result "0-1"]
[WhiteElo "1909"]
[BlackElo "2069"]
[PlyCount "82"]
[EventDate "2007.07.06"]
[EventType "swiss"]
[EventRounds "7"]
[EventCountry "ESP"]
[SourceTitle "EXT 2008"]
[Source "ChessBase"]
[SourceDate "2007.11.25"]
[SourceVersion "1"]
[SourceVersionDate "2007.11.25"]
[SourceQuality "1"]

1. e4 c6 2. d4 Na6 3. Nf3 g6 4. Be2 Bg7 5. 0-0 Nc7 6. a4 d5 7. Nc3 Bg4 8. exd5 cxd5 9. h3 Bxf3 10. Bxf3 Nf6 11. Bf4 Ne6 12. Be5 0-0 13. Ra3 Rc8 14. Re1 Ng5 15. Rb3 Qd7 16. Qe2 e6 17. Qb5 Nxf3+ 18. gxf3 b6 19. a5 Qxb5 20. Rxb5 Nd7 21. axb6 axb6 22. Re2 Rc4 23. Nb1 Bxe5 24. dxe5 Rfc8 25. Na3 Rf4 26. Rb3 Rc5 27. Kg2 Rf5 28. Rb4 Nxe5 29. Rxb6 Rg5+ 30. Kf1 Nxf3 31. Re3 Nh2+ 32. Ke2 d4 33. b4 Rcf5 34. Rb3 e5 35. Rb8+ Kg7 36. Rd8 Rg2 37. b5 Rgxf2+ 38. Kd3 Rf6 39. Nc4 Nf3 40. b6 Rf4 41. Re8 Ne1# 0-1

[Event "FRA-ch U20 Girls"]
[Site "Le Grand Bornand"]
[Date "2007.04.13"]
[Round "6"]
[White "Magnin, Segolene"]
[Black "Mehiaoui, Dounia"]
[Result "0-1"]
[WhiteElo "1796"]
[BlackElo "1909"]
[PlyCount "52"]
[EventDate "2007.04.07"]
[EventType "swiss"]
[EventRounds "9"]
[EventCountry "FRA"]
[SourceTitle "CBM 118 Extra"]
[Source "ChessBase"]
[SourceDate "2007.07.04"]
[SourceVersion "1"]
[SourceVersionDate "2007.07.04"]
[SourceQuality "1"]

1. e4 e5 2. Nc3 Nf6 3. f4 d5 4. exd5 Nxd5 5. Nxd5 Qxd5 6. fxe5 Qxe5+ 7. Qe2 Nc6 8. Qxe5+ Nxe5 9. d4 Ng6 10. Bd3 Bd6 11. Ne2 0-0 12. 0-0 Be6 13. c4 c6 14. b3 Rad8 15. Bb2 Rfe8 16. a3 Bg4 17. Rae1 Bxe2 18. Rxe2 Nf4 19. Rxe8+ Rxe8 20. Bc2 Ne2+ 21. Kh1 Re6 22. g4 Nf4 23. Bc1 g5 24. h4 Re2 25. Bd1 Ra2 26. hxg5 Nh3 0-1

[Event "FRA-ch U20 Girls"]
[Site "Le Grand Bornand"]
[Date "2007.04.12"]
[Round "5"]
[White "Mehiaoui, Dounia"]
[Black "Maupin, Valerie"]
[Result "1/2-1/2"]
[WhiteElo "1909"]
[BlackElo "2020"]
[PlyCount "64"]
[EventDate "2007.04.07"]
[EventType "swiss"]
[EventRounds "9"]
[EventCountry "FRA"]
[SourceTitle "CBM 118 Extra"]
[Source "ChessBase"]
[SourceDate "2007.07.04"]
[SourceVersion "1"]
[SourceVersionDate "2007.07.04"]
[SourceQuality "1"]

1. e4 c5 2. Nf3 e6 3. d4 cxd4 4. Nxd4 Nf6 5. Nc3 Nc6 6. Ndb5 Bb4 7. a3 Bxc3+ 8. Nxc3 d5 9. exd5 exd5 10. Bd3 0-0 11. 0-0 d4 12. Ne2 h6 13. b4 Bg4 14. f3 Be6 15. b5 Ne7 16. Bb2 Nf5 17. Bxf5 Bxf5 18. Bxd4 Rc8 19. Ra2 Qd5 20. Rb2 Rfd8 21. c3 Qc4 22. Re1 Nd5 23. Qb3 Qxb3 24. Rxb3 Bd3 25. Kf2 Bc4 26. Rb2 Bxe2 27. Rbxe2 Nxc3 28. Bxc3 Rxc3 29. Re8+ Rxe8 30. Rxe8+ Kh7 31. Re7 Kg6 32. Rxb7 Rxa3 1/2-1/2

[Event "FRA-ch U18 Girls"]
[Site "Aix les Bains"]
[Date "2006.04.??"]
[Round "7"]
[White "Gras, Delphine"]
[Black "Mehiaoui, Dounia"]
[Result "1-0"]
[WhiteElo "1939"]
[BlackElo "1720"]
[PlyCount "49"]
[EventDate "2006.04.??"]
[EventType "swiss"]
[EventRounds "8"]
[EventCountry "FRA"]
[SourceTitle "EXT 2007"]
[Source "ChessBase"]
[SourceDate "2006.11.23"]
[SourceVersion "1"]
[SourceVersionDate "2006.11.23"]
[SourceQuality "1"]

1. e4 e5 2. Nf3 Nc6 3. Bb5 a6 4. Bxc6 dxc6 5. 0-0 Bg4 6. h3 Bh5 7. d3 f6 8. Be3 Bd6 9. Nbd2 Bf7 10. d4 exd4 11. Nxd4 Qd7 12. c3 Ne7 13. Qe2 0-0-0 14. N4b3 Ng6 15. Rfd1 Rhe8 16. Nc5 Nf4 17. Bxf4 Bxc5 18. Nb3 Qe7 19. Nxc5 Qxc5 20. Qg4+ Kb8 21. Qxg7 Rxd1+ 22. Rxd1 Rxe4 23. Qxf6 Bd5 24. Qd8+ Ka7 25. Bxc7 1-0

[Event "FRA-ch U18 Girls"]
[Site "Aix les Bains"]
[Date "2006.04.??"]
[Round "2"]
[White "Mehiaoui, Dounia"]
[Black "Bismuth, Lea"]
[Result "1-0"]
[WhiteElo "1720"]
[BlackElo "1920"]
[PlyCount "71"]
[EventDate "2006.04.??"]
[EventType "swiss"]
[EventRounds "8"]
[EventCountry "FRA"]
[SourceTitle "EXT 2007"]
[Source "ChessBase"]
[SourceDate "2006.11.23"]
[SourceVersion "1"]
[SourceVersionDate "2006.11.23"]
[SourceQuality "1"]

1. e4 e6 2. d4 b6 3. Nf3 Bb7 4. Bd3 c5 5. c3 d5 6. e5 Nc6 7. Be3 Qc7 8. a3 Nge7 9. h4 g6 10. 0-0 Nf5 11. Bxf5 gxf5 12. Re1 Rg8 13. Nbd2 Rg4 14. Nf1 0-0-0 15. N1h2 Rg7 16. b4 c4 17. Qd2 h5 18. Ng5 Rg6 19. Nhf3 Bg7 20. Bf4 Rg8 21. g3 Nd8 22. Re2 Qd7 23. Rae1 Kb8 24. Kh2 Ka8 25. Qc1 Bc8 26. Ra2 Qa4 27. Ree2 Bf8 28. Nh7 Be7 29. Qe3 Nc6 30. Nf6 Bxf6 31. exf6 Rxf6 32. Ne5 Kb7 33. Reb2 b5 34. Nxc6 e5 35. Nxe5 Re6 36. Qf3 1-0

[Event "FRA-ch U18 Girls"]
[Site "Aix les Bains"]
[Date "2006.04.??"]
[Round "8"]
[White "Mehiaoui, Dounia"]
[Black "Des Bouillons, Pauline"]
[Result "1-0"]
[WhiteElo "1720"]
[BlackElo "1780"]
[PlyCount "77"]
[EventDate "2006.04.??"]
[EventType "swiss"]
[EventRounds "8"]
[EventCountry "FRA"]
[SourceTitle "EXT 2007"]
[Source "ChessBase"]
[SourceDate "2006.11.23"]
[SourceVersion "1"]
[SourceVersionDate "2006.11.23"]
[SourceQuality "1"]

1. e4 c5 2. Nf3 d6 3. d4 cxd4 4. Nxd4 Nf6 5. Nc3 g6 6. Bc4 Bg7 7. Be3 Ng4 8. Bb5+ Bd7 9. Qxg4 0-0 10. Bxd7 Nxd7 11. 0-0-0 Ne5 12. Qe2 Qa5 13. Nb3 Qc7 14. Kb1 Rfc8 15. Nd5 Qd8 16. Bd4 e6 17. f4 exd5 18. fxe5 dxe5 19. Bf2 d4 20. c3 Qg5 21. cxd4 Qxg2 22. d5 Bf8 23. Rdg1 Qh3 24. Bg3 Bd6 25. Rf1 Rc7 26. Rf6 Qd7 27. Rhf1 Rf8 28. Qf3 Rcc8 29. Nc1 Qc7 30. Nd3 a6 31. Rc1 Qd7 32. Rxc8 Qxc8 33. Bxe5 Be7 34. Bc3 Qc7 35. d6 Bxd6 36. Nf4 Qe7 37. Nd5 Qd8 38. Rxd6 Qxd6 39. Nf6+ 1-0

[Event "FRA-chT2C 0506"]
[Site "France"]
[Date "2006.01.14"]
[Round "5.9"]
[White "Laurens, Julia"]
[Black "Mehiaoui, Dounia"]
[Result "1-0"]
[WhiteElo "2058"]
[BlackElo "1720"]
[PlyCount "101"]
[EventDate "2005.10.27"]
[EventType "team"]
[EventRounds "11"]
[EventCountry "FRA"]
[SourceTitle "EXT 2006"]
[Source "ChessBase"]
[SourceDate "2005.11.24"]
[SourceVersion "1"]
[SourceVersionDate "2005.11.24"]
[SourceQuality "1"]

1. d4 f5 2. g3 Nf6 3. Bg2 g6 4. c4 Bg7 5. Nc3 0-0 6. Nf3 d6 7. 0-0 Qe8 8. d5 e5 9. dxe6 Bxe6 10. Nd5 Bxd5 11. cxd5 c6 12. Ng5 Qe7 13. Ne6 Re8 14. Nxg7 Kxg7 15. dxc6 Nxc6 16. Re1 Rad8 17. Qa4 d5 18. b3 Qb4 19. Bb2 Qxa4 20. bxa4 Re7 21. a3 d4 22. Rad1 Red7 23. e3 d3 24. e4 fxe4 25. Rxe4 Nd4 26. Re3 Nc2 27. Re6 Rf8 28. g4 g5 29. h4 h6 30. hxg5 hxg5 31. Be4 Nd4 32. Rxd3 Nxe6 33. Rxd7+ Rf7 34. Rxb7 Rxb7 35. Bxb7 Nc5 36. Bc6 Kf7 37. f3 Nfd7 38. Bd4 a6 39. Kf1 Ke6 40. Be3 Kf6 41. Ke2 Ne5 42. Bxc5 Nxc6 43. Bb6 Ke6 44. Ke3 Ke5 45. Bc7+ Kf6 46. Ke4 Ke6 47. Bb6 Kf6 48. Bd4+ Ke6 49. Be3 Kf6 50. Kd5 Ne7+ 51. Kc5 1-0

[Event "Lyon op"]
[Site "Lyon"]
[Date "2005.04.18"]
[Round "4"]
[White "Mehiaoui, Dounia"]
[Black "Siret, Bernard"]
[Result "0-1"]
[WhiteElo "1670"]
[BlackElo "1499"]
[PlyCount "40"]
[EventDate "2005.04.16"]
[EventType "swiss"]
[EventRounds "9"]
[EventCountry "FRA"]
[SourceTitle "CBM 105 Extra"]
[Source "ChessBase"]
[SourceDate "2005.05.01"]
[SourceVersion "1"]
[SourceVersionDate "2005.05.01"]
[SourceQuality "1"]

1. e4 c5 2. Nf3 d6 3. d4 cxd4 4. Nxd4 Nf6 5. Nc3 g6 6. Bc4 Bg7 7. Be3 0-0 8. Bb3 Nc6 9. f3 Bd7 10. Qd2 Qa5 11. 0-0-0 Rfc8 12. g4 Ne5 13. Bh6 Bxh6 14. Qxh6 Rxc3 15. bxc3 Qxc3 16. Kb1 a5 17. f4 Nexg4 18. Qh4 a4 19. Rd3 Qb4 20. c3 Qb6 0-1